Biblioteca

Señoras y Señores, el Siervo del Señor es...íEl que está dispuesto a sufrir por los demás!: Isaías 52.13-53.12 (Registro nro. 62604)

Detalles MARC
000 -LÍDER
Campo fijo de descripción fija 006240000a22001330004500
100 1# - ASIENTO PRINCIPAL--NOMBRE PERSONAL
Nombre personal Winedt, Marlon
245 10 - TÍTULO
Título del Material Señoras y Señores, el Siervo del Señor es...íEl que está dispuesto a sufrir por los demás!: Isaías 52.13-53.12
300 ## - DESCRIPCIÓN FÍSICA
Extensión Vol.62, núm.285 (2007), Páginas 24-27
500 ## - NOTA GENERAL
Nota General Cantos del siervo del Señor Parte IV
650 14 - ASIENTO SECUNDARIO DE MATERIA - TERMINO TEMÁTICO
Término temático o nombre geográfico como elemento de entrada ISAÍAS 52,53
773 0# - HOST ITEM ENTRY
Title La Biblia de las Américas
942 ## - TIPO DE MATERIAL (KOHA)
Tipo de Item KOHA Artículos de Revista
Existencias
Estado de Material Estado de Perdido Estado de Dañado No para Préstamo Colección Biblioteca de Origen Biblioteca Permanente Fecha de Adquisición Total de Préstamos Signatura Topográfica Última vez visto Fecha de Remplazo Tipo de Material
        Colección de Hemeroteca Biblioteca FUSBC Biblioteca FUSBC 26/01/2016   26/01/2016 26/01/2016 Artículos de Revista

Biblioteca FUSBC | Teléfono: (57+4) 349 88 10 Ext. 141| WhatsApp (+57) 3005338115 
E-mail: biblioteca@unisbc.edu.co | Calle 76 87-14 Robledo Palenque, Medellín, Colombia

Con tecnología Koha